Evaluation of phytoremediation potential of castor cultivars for heavy metals from soil (Registro n. 9118)
[ somente texto ]
| 000 -LÍDER | |
|---|---|
| fixed length control field | 03510nab a2200337 i 4500 |
| 003 - CÓDIGO MARC DA AGÊNCIA CATALOGADORA | |
| Campo de controle | BR-BrBNA |
| 005 - DATA E HORA DA ÚLTIMA ATUALIZAÇÃO | |
| Campo de controle | 20230912101847.0 |
| 008 - CAMPO DE TAMANHO FIXO | |
| fixed length control field | 230516b2019 bl.ar|pooa||| 00| 0 eng | |
| 040 ## - FONTE DA CATALOGAÇÃO | |
| Agência catalogadora | BR-BrBNA |
| Idioma da catalogação | eng |
| 072 ## - CATEGORIA AGRIS | |
| Código AGRIS | T01 |
| Código do objeto | 0331 |
| 100 ## - ENTRADA PRINCIPAL - NOME PESSOAL | |
| Nome pessoal | Khan, M.J. |
| 100 ## - ENTRADA PRINCIPAL - NOME PESSOAL | |
| Nome pessoal | Ahmed, N. |
| 100 ## - ENTRADA PRINCIPAL - NOME PESSOAL | |
| Nome pessoal | Hassan, W. |
| 100 ## - ENTRADA PRINCIPAL - NOME PESSOAL | |
| Nome pessoal | Saba, T. |
| 100 ## - ENTRADA PRINCIPAL - NOME PESSOAL | |
| Nome pessoal | Khan, S. |
| 100 ## - ENTRADA PRINCIPAL - NOME PESSOAL | |
| Nome pessoal | Khan, Q. |
| 245 ## - TÍTULO PRINCIPAL | |
| Título principal | Evaluation of phytoremediation potential of castor cultivars for heavy metals from soil |
| 500 ## - NOTA GERAL | |
| Nota geral | Publicação on-line; 31 ref.; 5 tables; Summaries (En, Pt) |
| 942 ## - ADDED ENTRY ELEMENTS (KOHA) | |
| Koha item type | |
| 520 ## - NOTA DE RESUMO | |
| Nota de conteúdo | <br/><br/>ABSTRACT - Phytoremediation is a useful tool to restore heavy metals contaminated<br/>soils. This study was carried out to test two castor (Ricinus communis) cultivars<br/>[Local and DS-30] for phytoextraction of heavy metals from the soil spiked by known<br/>concentrations of seven metals (Cu, Cr, Fe, Mn, Ni, Pb and Zn). A pot experiment was<br/>laid out by using a completely randomized design. Soil and plant samples were<br/>analyzed at 100 days after planting. The data on heavy metal uptake by plant tissues<br/>(roots, leaves and shoots) of the two castor cultivars suggested that a considerable<br/>amount of metals (Fe = 27.18 mg L-1; Cu = 5.06 mg L-1; Cr = 2.95 mg L-1;<br/>Mn = 0.22 mg L-1; Ni = 4.66 mg L-1; Pb = 3.33 mg L-1; Zn = 15.04 mg L-1) was<br/>accumulated in the plant biomass. The soil heavy metal content at the end of<br/>experiment significantly decreased with both cultivars, resulting in improved soil<br/>quality. Therefore, it is concluded that both castor cultivars, Local and DS-30, can be<br/>used for phytoremediation of heavy metal-contaminated sites.<br/><br/>Keywords: phytotoxins, soil contaminants, phytoextraction.<br/> |
| 520 ## - NOTA DE RESUMO | |
| Nota de conteúdo | <br/><br/>RESUMO - A fitorremediação é uma ferramenta útil para recuperar solos<br/>contaminados com metais pesados. Este estudo foi realizado para testar dois<br/>cultivares de mamona (Ricinus communis) [Local e DS-30] quanto à fitoextração<br/>de metais pesados de solo contaminado por concentrações conhecidas de sete<br/>metais (Cu, Cr, Fe, Mn, Ni, Pb e Zn). Um ensaio em vasos foi instalado com um<br/>delineamento completamente casualizado. Cem dias após o plantio, foram<br/>analisadas amostras do solo e das plantas. Os dados referentes à absorção de<br/>metais pesados pelos tecidos vegetais (raízes, folhas e parte aérea) dos dois<br/>cultivares de mamona sugerem que quantidades consideráveis de metais<br/>(Fe = 27,18 mg L-1; Cu = 5,06 mg L-1; Cr = 2,95 mg L- 1; Mn = 0,22 mg L-1; Ni =<br/>4,66 mg L-1; Pb = 3,33 mg L-1; Zn = 15,04 mg L-1) foram acumuladas na biomassa<br/>da planta. Foi observada redução significativa do teor de metais pesados no solo<br/>ao final do experimento com os dois cultivares, resultando em melhor qualidade<br/>do solo. Portanto, conclui-se que ambos os cultivares de mamona, Local e DS-30,<br/>podem ser utilizados para a fitorremediação de locais contaminados com metais<br/>pesados.<br/><br/>Palavras-chave: fitotoxinas, contaminantes do solo, fitoextração. |
| 650 ## - ASSUNTO - THESAGRO | |
| Cabeçalho tópico ou nome geográfico | FITOTOXICIDADE |
| 650 ## - ASSUNTO - THESAGRO | |
| Cabeçalho tópico ou nome geográfico | CONTAMINAÇÃO |
| 650 ## - ASSUNTO - THESAGRO | |
| Cabeçalho tópico ou nome geográfico | SOLO |
| 650 ## - ASSUNTO - THESAGRO | |
| Cabeçalho tópico ou nome geográfico | POLUIÇÃO DO SOLO |
| 650 ## - ASSUNTO - THESAGRO | |
| Cabeçalho tópico ou nome geográfico | MAMONA |
| 650 ## - ASSUNTO - THESAGRO | |
| Cabeçalho tópico ou nome geográfico | RICINUS COMMUNIS |
| 773 0# - ENTRADA ANALÍTICA | |
| Host Biblionumber | 886 |
| Registro do item | 1816 |
| Imprenta | Londrina-PR : Sociedade Brasileira da Ciência das Plantas Daninhas, 1978 |
| Outro identificador | 2023-031023 |
| Título | Planta Daninha (Brazil) |
| ISSN | 0100-8358; 1806-9681 (on-line) |
| Colação | v. 37 p. 1-7; (2019) |
| Número de controle de registro | BR2023000371 |
| 856 ## - ACESSO E ENDEREÇO ELETRÔNICO | |
| Identificador uniforme de recurso - URI | https://www.scielo.br/j/pd/a/hTNp4x8wQpd8yYgV8t6QNVH/?format=pdf&lang=en |
Nenhum exemplar disponível.

BINAGRI